Wszystkie przystanki linii tramwajowej numer 10 we Wrocławiu - Statystyki

Ogólne statystyki
  • Ten quiz został rozwiązany 19 razy
  • Średni wynik to 23 z 38
Statystyki odpowiedzi
Hint Odpowiedź % Poprawnych
1 Leśnica
94%
38 Biskupin
81%
26 Galeria Dominikańska
75%
32 Hala Stulecia
75%
33 ZOO
75%
13 Bajana
69%
2 Jeleniogórska
69%
31 Kliniki
69%
16 Kwiska
69%
21 Młodych Techników
69%
23 Rynek
69%
25 Świdnicka
69%
24 Zamkowa
69%
17 Małopanewska
63%
18 Niedźwiedzia
63%
14 Park Zachodni
63%
11 Pilczyce
63%
30 Pl. Grunwaldzki
63%
20 pl. Strzegomski
63%
10 Tarczyński Arena
63%
34 Tramwajowa
63%
35 Chełmońskiego
56%
9 Glinianki
56%
5 Kamiennogórska
56%
28 Katedra
56%
12 Metalowców
56%
36 Piramowicza
56%
22 pl. Jana Pawła II
56%
27 Urząd Wojewódzki
56%
15 DH Astra
50%
19 Wrocław Mikołajów
50%
7 Grabowa
44%
29 Reja
44%
37 Spółdzielcza
44%
3 Wschowska
44%
8 Aleja Architektów
38%
4 Złotnicka
38%
6 Kosmonałtów
6%
Nie znaleziono quizów pasujących do podanych kryteriów
Rozkład punktacji
Procent ludzi z każdym wynikiem
Percentyl według liczby udzielonych odpowiedzi
Twoja historia wyników
Nie rozwiązałeś tego quizu